| 000 | 01898cam a22005894i 4500 | ||
|---|---|---|---|
| 003 | PE-LiUPU | ||
| 005 | 20250731170357.0 | ||
| 008 | 150617s r 000 0 d | ||
| 020 | _a8430109293 | ||
| 035 | _a(Sirsi) i9788430109296 | ||
| 040 |
_aPE-LiUPU _bspa _cPE-LiUPU _erda |
||
| 049 | _aPRUA | ||
| 082 | 0 | 4 |
_a111.83 _bS56 _221 |
| 100 | 1 |
_aSimon, Josef, _eautor. |
|
| 245 | 1 | 3 |
_aLa verdad como libertad: el desarrollo del problema de la verdad en la filosofía moderna / _cJossef Simon. |
| 264 | 1 |
_aSalamanca : _bEdiciones sígueme, _c1983. |
|
| 300 |
_a456 páginas ; _c21 centímetros. |
||
| 336 |
_atext _2rdacontent |
||
| 337 |
_aunmediated _2rdamedia |
||
| 338 |
_avolume _2rdacarrier |
||
| 490 | 0 |
_aHermeneia ; _v20 |
|
| 505 | 0 | _aFundamentación semantica general -- Actualización de la problemática de la verdad en la filosofía moderna -- El concépto de la verdad en las ciencias del espíritu hermenéuticas y en la filosofía -- La verdad reflexiva. | |
| 526 | _aSEG68 | ||
| 526 | _aSEG70 | ||
| 526 | _aSEG69 | ||
| 526 | _aSEG67 | ||
| 526 | _aSEG43 | ||
| 526 | _aP144 | ||
| 526 | _aP143 | ||
| 526 | _aP131 | ||
| 526 | _aP122 | ||
| 526 | _aP120 | ||
| 526 | _aP117 | ||
| 526 | _aP112 | ||
| 526 | _aP110 | ||
| 526 | _aP106 | ||
| 526 | _aP101 | ||
| 526 | _aP80 | ||
| 526 | _aP59 | ||
| 526 | _aP54 | ||
| 526 | _aP35 | ||
| 526 | _aP33 | ||
| 526 | _aP30 | ||
| 650 | 0 | 4 | _aVERDAD. |
| 910 |
_ajck _bjvq _cjck _d20150616 |
||
| 942 |
_2ddc _cBOOK |
||
| 949 |
_a111.83 S56 _wDEWEY _c1 _i30403 _lCCODEBUL1 _mBUL _r0 _sY _tBOOK _u2015-6-17 _xSALUD _zUNKNOWN _0COMPRA _o.STAFF. Colección General |
||
| 994 |
_aC0 _bPEPRU |
||
| 596 | _a1 | ||
| 999 |
_a111.83 S56 _wDEWEY _c585 _i30403 _f2021-11-4 _g5 _lCCODEBUL1 _mBUL _r0 _sY _tBOOK _u2015-6-17 _xBIBLIOTECA _zUNKNOWN _0COMPRA _o.STAFF. Colección General _d585 |
||
| 980 |
_81 _gALBERTO SANCHEZ Responsable de Automatización |
||